000
00341 a2200121 4500
001
ART_2365
005
20260410161725.0
008
260409a
245
1
0
_a
Las reservas de caja
100
1
_a
Pascale, Ricardo
700
1
_a
Khoury, Nabil
773
0
_t
Administración de empresas
_g
- Año 7, Nº 82 (ene. 1977)
_w
REV2036
999
_c
17334
_d
17334